| 000 | 00342nam a22001457a 4500 | ||
|---|---|---|---|
| 003 | MACL | ||
| 005 | 20190717162537.0 | ||
| 008 | 190717b xxu||||| |||| 00| 0 eng d | ||
| 040 | _cMACL | ||
| 100 |
_aNegi,Manoj _917880 |
||
| 245 | _aNational Parks fo India | ||
| 260 |
_aDelhi _bThe book _c2017 |
||
| 650 |
_aZoology _975988 |
||
| 942 |
_2ddc _cBK |
||
| 999 |
_c60567 _d60567 |
||